书目信息 |
| 题名: |
铁路隧道围岩分级方法
|
|
| 作者: | 沈中其 , 关宝树 主编 | |
| 分册: | ||
| 出版信息: | 成都 西南交通大学出版社 2000.02 |
|
| 页数: | 119页 | |
| 开本: | 16开 | |
| 丛书名: | ||
| 单 册: | ||
| 中图分类: | U45 | |
| 科图分类: | ||
| 主题词: | 隧道工程 | |
| 电子资源: | ||
| ISBN: | 7-81057-361-6 | |
| 000 | 00616nam0 2200205 45 | |
| 001 | 0009101049 | |
| 005 | 20000910100841.1 | |
| 010 | @a7-81057-361-6@d12.00元 | |
| 100 | @a20000910d2000 km y0chiy0120 ea | |
| 101 | 0 | @achi |
| 105 | @a z 000yy | |
| 200 | 1 | @a铁路隧道围岩分级方法@ATie Lu Sui Dao Wei Yan Fen Ji Fang Fa@f沈中其,关宝树主编@FShen Zhong Qi,Guan Bao Shu Zhu Bian |
| 210 | @a成都@c西南交通大学出版社@d2000.02 | |
| 215 | @a119页@d16开 | |
| 606 | 0 | @a隧道工程 |
| 690 | @aU45@v3 | |
| 701 | 0 | @a沈中其@4主编 |
| 701 | 0 | @a关宝树@4主编 |
| 801 | @aCN@bPftUser@c20000910 | |
| 905 | @b133482-486@dU45@eSH697@f5 | |
| 铁路隧道围岩分级方法/沈中其,关宝树主编.-成都:西南交通大学出版社,2000.02 |
| 119页;16开 |
| ISBN 7-81057-361-6:12.00元 |
| ● |
| 相关链接 |
|
|
|
正题名:铁路隧道围岩分级方法
索取号:U45/SH697
 
预约/预借
| 序号 | 登录号 | 条形码 | 馆藏地/架位号 | 状态 | 备注 |
| 1 | 133482 | 201334822 | 期刊室512/501自科库 55排4列2层/ [索取号:U45/SH697] | 在馆 | |
| 2 | 133483 | 201334831 | 自科库501/501自科库 55排5列2层/ [索取号:U45/SH697] | 在馆 | |
| 3 | 133484 | 201334840 | 期刊室512/501自科库 55排4列2层/ [索取号:U45/SH697] | 在馆 | |
| 4 | 133485 | 201334859 | 期刊室512/501自科库 55排4列2层/ [索取号:U45/SH697] | 在馆 | |
| 5 | 133486 | 201334868 | 期刊室512/501自科库 55排4列2层/ [索取号:U45/SH697] | 在馆 |